Famous Canadians - Statistics

General Stats
  • This quiz has been taken 49 times
  • The average score is 15 of 32
Answer Stats
Picture Answer % Correct
Justin Bieber
100%
Keanu Reeves
96%
Drake
93%
Jim Carrey
93%
Ryan Reynolds
91%
Ryan Gosling
89%
Justin Trudeau
87%
The Weeknd
82%
Pierre Trudeau
80%
Celine Dion
67%
Seth Rogen
64%
Avril Lavigne
60%
Wayne Gretzky
58%
Mike Myers
56%
Rachel McAdams
53%
Dan Aykroyd
40%
Norm Macdonald
40%
David Suzuki
36%
Leonard Cohen
36%
Hayden Christensen
29%
Margaret Atwood
29%
Gordon Lightfoot
24%
Hayley Wickenheiser
13%
Milos Raonic
13%
Felix Auger Aliassime
11%
Wilfrid Laurier
11%
Lester B. Pearson
9%
Tommy Douglas
7%
Nellie McClung
4%
Maurice Duplessis
0%
Michael Ondaatje
0%
Yann Martel
0%
No matching quizzes found
Score Distribution
Percent of People with Each Score
Percentile by Number Answered
Your Score History
You have not taken this quiz